| 000 | 00839nam2a2200205 4500 | ||
|---|---|---|---|
| 001 | RU\NLR\PER_A\010548472_002560 | ||
| 005 | 20250702141047.0 | ||
| 035 | _a(NLR Aleph) 022543007 | ||
| 090 |
_a13410272 _c13410272 |
||
| 100 | _a20250516d2025 |||y0rusy50 ca | ||
| 101 | 0 | _arus | |
| 102 | _aRU | ||
| 200 | 0 | _a2025, № 1 (124) | |
| 210 | _d2025 | ||
| 461 | 0 |
_1001RU\NLR\Per\1086286 _12001#$aСаша и Маша$e1000 приключений$eжурнал для детей в возрасте 5-8 лет$fТолока$v2025, № 1 (124) _910327014 _cСмоленск _d2014 - _fТолока _nТолока _o1000 приключений : журнал для детей в возрасте 5-8 лет _tСаша и Маша _x2313-5689 _v2025, № 1 (124) |
|
| 852 |
_aNLR _jП29/1897 |
||
| 942 | _cISSUE | ||
| 980 | _aRUSPER | ||
| 980 | _aNB | ||